000
00230 a2200085 4500
020
_a
9783035622980
100
_a
Christian Schmid
245
_a
VOCABULARIES FOR AN URBANISING PLANET: THEORY BUILDING THROUGH
260
_b
BIRKAUSER
_c
2023
999
_c
13142
_d
13142